System of measurement of building work in Zimbabwe. Prepared and approved by the Zimbabwe Institute of Quantity Surveyors in consultation with The Construction Industry Federation of Zimbabwe (Record no. 85755)

MARC details
000 -LEADER
fixed length control field 00650cam a2200181 4500
001 - CONTROL NUMBER
control field D10055
008 - FIXED-LENGTH DATA ELEMENTS--GENERAL INFORMATION
fixed length control field 090401t1985 xxu||||| |||| 00| 0 eng d
035 ## - SYSTEM CONTROL NUMBER
System control number (Sirsi) u2328
041 ## - LANGUAGE CODE
Language code of text/sound track or separate title eng
050 ## - LIBRARY OF CONGRESS CALL NUMBER
Classification number 692.3096891
110 ## - MAIN ENTRY--CORPORATE NAME
Corporate name or jurisdiction name as entry element Zimbabwe Institute of Quantity Surveyors
9 (RLIN) 3193
245 ## - TITLE STATEMENT
Title System of measurement of building work in Zimbabwe. Prepared and approved by the Zimbabwe Institute of Quantity Surveyors in consultation with The Construction Industry Federation of Zimbabwe
260 ## - PUBLICATION, DISTRIBUTION, ETC.
Place of publication, distribution, etc. Harare
Name of publisher, distributor, etc. Zimbabwe Institute of Quantity Surveyors
Date of publication, distribution, etc. 1985
300 ## - PHYSICAL DESCRIPTION
Extent iii. leaves. 112p. 22cm
350 ## - PRICE (NR) (BK AM CF MU VM SE) [OBSOLETE]
Price 0
942 ## - ADDED ENTRY ELEMENTS (KOHA)
Suppress in OPAC 0
948 ## - LOCAL PROCESSING INFORMATION (OCLC); SERIES PART DESIGNATOR (RLIN)
c (OCLC) 04/03/1997
Holdings
Withdrawn status Lost status Source of classification or shelving scheme Damaged status Not for loan Home library Current library Shelving location Date acquired Total Checkouts Full call number Barcode Date last seen Copy number Price effective from Koha item type
    Other/Generic Classification Scheme     London London Boxed set 14/09/1999   SMM 1985/1 30032282 06/08/2019 1 06/08/2019 Reference material
    Other/Generic Classification Scheme     London London Boxed set 14/09/1999   SMM 1985/1 30032288 06/08/2019 2 06/08/2019 Book